000 01001nmm a2200265 a 4500
001 ocm0001411811
003 TR-IsHL
005 20201028165101.0
008 160220s2014 tu tur
007 cr cn
020 _a9786054977055
035 _a1411811
_b(N$T)
050 0 4 _aDR479 .R8
_bG57 2014
090 0 4 _aDR479 .R8
_bG57 2014
100 1 _aGirgin, Kemal
245 1 0 _aRuslarla kavgadan derin ortaklığa: (son yüz senemiz: 1914-2004) -belgelerle-
_h[electronic resource] /
_cKemal Girgin
260 _aİstanbul :
_bİlgi Kültür Sanat Yayıncılık,
_c2014
300 _a529 p.
650 4 _aPolitika ve Uluslararası İlişkiler
650 4 _aPolitics and International Relations
650 0 _aTürkiye
_x Dış ilişkiler
_x Rusya
650 0 _aTurkey
_x Foreign relations
_x Russia
650 7 _aPOLITICAL SCIENCE / International Relations / Diplomacy
_2bisacsh
856 4 0 _uhttp://search.ebscohost.com/login.aspx?direct=true&scope=site&db=e011xww&AN=1411811
999 _c15781
_d15781